Magyarország és Kína politikai, gazdasági és kereskedelmi kapcsolatai

Bibliographic Details
Main Author: Kun Kálmán Alex
Other Authors: GBÚR DR. ÁDÁM
Format: Thesis
Kulcsszavak:Kereskedelmi kapcsolatok
Gazdasági kapcsolatok
Magyaroszág
Kína
Online Access:http://dolgozattar.uni-bge.hu/5117

MARC

LEADER 00000nta a2200000 i 4500
001 dolg5117
005 20170208142059.0
008 160502suuuu hu om 000 hun d
040 |a BGE Dolgozattár Repozitórium  |b hun 
041 |a hu 
100 1 |a Kun Kálmán Alex 
245 1 0 |a Magyarország és Kína politikai, gazdasági és kereskedelmi kapcsolatai  |c Kun Kálmán Alex  |h [elektronikus dokumentum] 
695 |a Kereskedelmi kapcsolatok 
695 |a Gazdasági kapcsolatok 
695 |a Magyaroszág 
695 |a Kína 
700 1 |a GBÚR DR. ÁDÁM  |e ths 
856 4 0 |u http://dolgozattar.uni-bge.hu/5117/1/Kun%20K%C3%A1lm%C3%A1n%20Alex%20szakdolgozat.pdf  |z Dokumentum-elérés